Dutch Cities Over 15K - Statistics

General Stats
  • This quiz has been taken 278 times
  • The average score is 86 of 221
Answer Stats
Province Initials Population Answer % Correct
Noord-Holland A 918.100 Amsterdam
86%
Flevoland A 226.600 Almere
85%
Flevoland L 84.000 Lelystad
84%
Limburg M 122.600 Maastricht
84%
Gelderland N 182.600 Nijmegen
84%
Zuid-Holland R 600.000 Rotterdam
84%
Gelderland A 162.500 Arnhem
83%
Groningen G 206.000 Groningen
83%
Utrecht U 316.700 Utrecht
81%
Drenthe A 67.600 Assen
80%
Noord-Brabant T 203.600 Tilburg
80%
Gelderland A 141.200 Apeldoorn
79%
Zuid-Holland DH 565.700 Den Haag
79%
Noord-Brabant E 246.400 Eindhoven
79%
Noord-Brabant B 151.700 Breda
78%
Friesland L 95.800 Leeuwarden
76%
Limburg V 40.900 Venlo
76%
Noord-Brabant DB 112.800 Den Bosch
75%
Drenthe E 58.100 Emmen
75%
Noord-Holland H 167.700 Haarlem
74%
Limburg R 41.900 Roermond
70%
Noord-Holland A 92.600 Alkmaar
69%
Noord-Holland DH 43.700 Den Helder
69%
Utrecht A 146.800 Amersfoort
68%
Overijssel E 139.900 Enschede
68%
Overijssel Z 131.700 Zwolle
68%
Zeeland M 43.100 Middelburg
66%
Friesland H 30.600 Heerenveen
65%
Zuid-Holland L 130.100 Leiden
65%
Friesland S 33.500 Sneek
65%
Overijssel A 70.700 Almelo
64%
Gelderland E 79.400 Ede
64%
Flevoland U 21.900 Urk
64%
Limburg H 68.000 Heerlen
63%
Noord-Holland Z 80.700 Zaandam
63%
Noord-Brabant O 59.700 Oss
62%
Overijssel D 82.900 Deventer
61%
Zuid-Holland D 122.000 Dordrecht
61%
Flevoland D 28.100 Dronten
61%
Drenthe H 40.500 Hoogeveen
61%
Limburg S 36.800 Sittard
61%
Gelderland W 42.600 Wageningen
61%
Noord-Brabant H 91.400 Helmond
60%
Zeeland V 34.700 Vlissingen
60%
Noord-Brabant BOZ 54.400 Bergen Op Zoom
59%
Zuid-Holland D 109.500 Delft
59%
Friesland D 44.900 Drachten
59%
Noord-Holland H 94.400 Hilversum
59%
Drenthe M 31.700 Meppel
59%
Zuid-Holland G 75.700 Gouda
58%
Friesland H 15.200 Harlingen
58%
Limburg V 28.700 Venray
58%
Overijssel H 82.000 Hengelo
57%
Noord-Holland P 83.500 Purmerend
57%
Flevoland E 26.900 Emmeloord
56%
Noord-Brabant R 67.300 Roosendaal
56%
Limburg W 44.800 Weert
56%
Flevoland Z 23.800 Zeewolde
56%
Gelderland Z 40.100 Zutphen
56%
Gelderland D 46.400 Doetinchem
55%
Zeeland G 29.400 Goes
55%
Noord-Holland H 53.600 Hoorn
55%
Zuid-Holland Z 128.400 Zoetermeer
54%
Noord-Holland A 94.500 Amstelveen
53%
Gelderland H 45.900 Harderwijk
53%
Noord-Holland H 79.600 Hoofddorp
53%
Limburg K 39.900 Kerkrade
51%
Gelderland W 23.800 Winterswijk
51%
Drenthe C 15.800 Coevorden
49%
Limburg G 31.200 Geleen
49%
Utrecht Z 55.000 Zeist
49%
Utrecht N 65.900 Nieuwegein
48%
Zeeland T 25.700 Terneuzen
48%
Overijssel K 38.400 Kampen
47%
Zuid-Holland S 81.800 Schiedam
47%
Zuid-Holland AR 74.700 Alphen aan den Rijn
46%
Groningen D 15.300 Delfzijl
46%
Gelderland E 15.600 Epe
46%
Noord-Holland V 22.500 Volendam
46%
Utrecht B 24.600 Baarn
45%
Noord-Brabant U 37.300 Uden
45%
Groningen V 21.600 Veendam
45%
Noord-Brabant W 34.700 Waalwijk
45%
Zuid-Holland G 37.800 Gorinchem
44%
Gelderland T 39.500 Tiel
44%
Noord-Brabant EL 45.200 Etten-Leur
41%
Utrecht H 47.300 Houten
41%
Noord-Holland H 41.200 Huizen
41%
Noord-Holland Y 32.300 IJmuiden
41%
Noord-Brabant O 51.700 Oosterhout
41%
Utrecht W 38.900 Woerden
41%
Noord-Holland E 18.900 Enkhuizen
40%
Zuid-Holland K 43.600 Katwijk
40%
Zuid-Holland V 76.400 Vlaardingen
39%
Gelderland C 29.900 Culemborg
38%
Noord-Holland D 33.000 Diemen
38%
Gelderland N 30.900 Nijkerk
38%
Utrecht S 40.000 Soest
38%
Utrecht V 69.400 Veenendaal
38%
Noord-Holland B 33.700 Bussum
37%
Zuid-Holland CY 67.900 Capelle aan den IJssel
37%
Noord-Holland C 19.800 Castricum
37%
Gelderland D 21.700 Duiven
37%
Noord-Holland Z 16.400 Zandvoort
37%
Noord-Holland B 40.600 Beverwijk
36%
Noord-Holland N 18.400 Naarden
36%
Gelderland B 35.800 Barneveld
35%
Gelderland N 21.000 Nunspeet
35%
Groningen S 19.000 Stadskanaal
35%
Zuid-Holland B 48.600 Barendrecht
33%
Overijssel H 20.200 Hardenberg
33%
Groningen H 18.400 Haren
33%
Noord-Holland H 60.200 Heerhugowaard
33%
Utrecht Y 33.400 IJsselstein
33%
Gelderland P 24.900 Putten
33%
Noord-Brabant V 46.800 Veldhoven
33%
Limburg L 37.100 Landgraaf
31%
Noord-Holland NV 31.500 Nieuw-Vennep
31%
Overijssel R 20.100 Raalte
31%
Utrecht V 16.600 Vianen
31%
Noord-Brabant V 26.300 Vught
31%
Gelderland Z 26.600 Zevenaar
31%
Noord-Brabant B 31.200 Best
30%
Utrecht D 18.900 Driebergen
30%
Gelderland E 27.400 Ermelo
30%
Zuid-Holland N 28.000 Noordwijk
30%
Noord-Brabant O 20.400 Oisterwijk
30%
Noord-Brabant V 26.000 Veghel
30%
Groningen W 17.900 Winschoten
30%
Zuid-Holland BER 33.400 Berkel en Rodenrijs
29%
Zuid-Holland HIA 32.600 Hendrik-Ido-Ambacht
29%
Zuid-Holland R 35.500 Ridderkerk
29%
Zuid-Holland W 27.100 Wassenaar
29%
Noord-Holland W 22.000 Weesp
29%
Utrecht WBD 18.200 Wijk Bij Duurstede
29%
Noord-Brabant B 26.700 Boxtel
28%
Groningen H 22.000 Hoogezand
28%
Zuid-Holland L 22.900 Lisse
28%
Overijssel O 31.700 Oldenzaal
28%
Zuid-Holland R 59.600 Rijswijk
28%
Overijssel B 22.700 Borne
27%
Noord-Brabant D 24.900 Deurne
27%
Utrecht M 39.300 Maarssen
27%
Overijssel R 28.800 Rijssen
27%
Gelderland W 36.800 Wijchen
27%
Noord-Holland H 39.400 Heemskerk
26%
Noord-Holland H 27.500 Heemstede
26%
Zuid-Holland S 72.800 Spijkenisse
26%
Noord-Brabant V 31.500 Valkenswaard
26%
Noord-Holland A 24.100 Aalsmeer
25%
Noord-Brabant G 29.200 Geldrop
25%
Zuid-Holland L 34.600 Leidschendam
25%
Zuid-Holland P 29.600 Pijnacker
25%
Zuid-Holland S 26.200 Sliedrecht
25%
Utrecht L 29.200 Leusden
24%
Zuid-Holland P 32.100 Papendrecht
24%
Utrecht V 28.300 Vleuten
24%
Zuid-Holland Z 41.000 Zwijndrecht
24%
Utrecht B 23.300 Bilthoven
23%
Overijssel S 17.400 Steenwijk
23%
Noord-Holland U 26.900 Uithoorn
23%
Noord-Brabant C 18.700 Cuijk
22%
Noord-Brabant G 21.100 Goirle
22%
Zuid-Holland KY 29.600 Krimpen aan den IJssel
22%
Zuid-Holland W 34.000 Waddinxveen
22%
Zuid-Holland A 20.300 Alblasserdam
21%
Limburg B 27.700 Brunssum
21%
Noord-Holland H 24.900 Heiloo
21%
Zuid-Holland H 39.000 Hellevoetsluis
21%
Noord-Brabant K 16.900 Kaatsheuvel
21%
Zuid-Holland N 22.700 Naaldwijk
21%
Noord-Brabant N 24.000 Nuenen
21%
Gelderland V 18.200 Velp
21%
Gelderland A 17.400 Aalten
20%
Utrecht BS 21.600 Bunschoten-Spakenburg
20%
Utrecht L 19.600 Leerdam
20%
Zuid-Holland M 35.800 Maassluis
20%
Zuid-Holland V 43.000 Voorburg
20%
Gelderland B 15.300 Bennekom
19%
Gelderland B 17.800 Beuningen
19%
Gelderland E 22.400 Elst
19%
Overijssel N 25.000 Nijverdal
19%
Zuid-Holland N 19.000 Nootdorp
19%
Noord-Brabant S 22.000 Schijndel
19%
Overijssel H 21.600 Haaksbergen
18%
Zuid-Holland L 27.700 Leiderdorp
18%
Noord-Brabant R 38.400 Rosmalen
18%
Zuid-Holland B 19.600 Bodegraven
17%
Utrecht DM 21.900 De Meern
17%
Zuid-Holland H 22.800 Hillegom
17%
Utrecht M 16.000 Mijdrecht
17%
Noord-Brabant R 16.600 Rijen
17%
Zuid-Holland V 25.600 Voorschoten
17%
Noord-Holland A 24.500 Assendelft
16%
Noord-Brabant D 24.900 Dongen
16%
Limburg T 15.100 Tegelen
16%
Overijssel W 15.400 Wierden
16%
Zuid-Holland NY 23.100 Nieuwerkerk aan den IJssel
15%
Zuid-Holland O 25.900 Oegstgeest
15%
Limburg H 18.800 Hoensbroek
14%
Gelderland H 19.700 Huissen
14%
Zuid-Holland R 16.600 Rhoon
14%
Noord-Brabant D 18.300 Drunen
13%
Zuid-Holland OB 24.500 Oud-Beijerland
13%
Limburg B 23.900 Blerick
12%
Noord-Holland K 17.000 Krommenie
12%
Zuid-Holland SG 23.400 ‘s-Gravenzande
12%
Noord-Brabant V 15.600 Vlijmen
12%
Gelderland G 17.100 Groesbeek
11%
Zuid-Holland S 16.000 Sassenheim
11%
Noord-Brabant S 17.700 Someren
10%
Zuid-Holland W 16.300 Wateringen
10%
Zuid-Holland V 17.200 Voorhout
9%
Noord-Holland Z 17.500 Zwaag
9%
Gelderland D 17.300 Didam
8%
Zuid-Holland N 15.400 Noordwijkerhout
8%
Zuid-Holland B 16.600 Boskoop
7%
Zuid-Holland H 35.800 Hoogvliet
7%
Zuid-Holland R 17.100 Rijnsburg
7%
Zuid-Holland B 19.200 Bergschenhoek
6%
Overijssel G 17.200 Glanerbrug
4%
No matching quizzes found
Score Distribution
Percent of People with Each Score
Percentile by Number Answered
Your Score History
You have not taken this quiz